The dead (Record no. 308)
[ view plain ]
| 000 -CABECERA | |
|---|---|
| campo de control de longitud fija | 00468cam a22001692a 4500 |
| 001 - NÚMERO DE CONTROL | |
| campo de control | 000101 |
| 003 - IDENTIFICADOR DEL NÚMERO DE CONTROL | |
| campo de control | AR-FADEU |
| 008 - DATOS DE LONGITUD FIJA--INFORMACIÓN GENERAL | |
| campo de control de longitud fija | 311216n2001####xxu####################dd |
| 245 ## - MENCIÓN DE TÍTULO | |
| Título | The dead |
| 260 ## - PUBLICACIÓN, DISTRIBUCIÓN, ETC. (PIE DE IMPRENTA) | |
| Nombre del editor, distribuidor, etc. | Universidad Nacional del Comahue. Escuela Superior de Idiomas |
| 260 ## - PUBLICACIÓN, DISTRIBUCIÓN, ETC. (PIE DE IMPRENTA) | |
| Fecha de publicación, distribución, etc. | 2001 |
| 300 ## - DESCRIPCIÓN FÍSICA | |
| Extensión | 1 |
| 300 ## - DESCRIPCIÓN FÍSICA | |
| Tipo de unidad | Videocasette |
| 546 ## - NOTA DE LENGUA/LENGUAJE | |
| Nota de lengua/lenguaje | Inglés |
| 650 ## - PUNTO DE ACCESO ADICIONAL DE MATERIA--TÉRMINO DE MATERIA | |
| Término de materia o nombre geográfico como elemento inicial | LENGUA INGLESA-ESTUDIO Y ENSEÑANZA; PRACTICAS PROFESIONALES; GROSVALD, MARA; VIDEOS |
| 942 ## - ELEMENTOS DE PUNTO DE ACCESO ADICIONAL (KOHA) | |
| Tipo de ítem Koha | VIDEO |
| Estado de retiro | Estado de pérdida | Estado dañado | No para préstamo | Localización permanente | Ubicación/localización actual | Fecha de adquisición | Número de inventario | Total de préstamos | Código de barras | Fecha visto por última vez | Precio válido a partir de | Tipo de ítem Koha |
|---|---|---|---|---|---|---|---|---|---|---|---|---|
| Biblioteca Ernesto Sabato - FADECS - UNCOMA | Biblioteca Ernesto Sabato - FADECS - UNCOMA | 27/12/2016 | V119 | V119 | 27/12/2016 | 27/12/2016 | VIDEO |